Creativity and innovation

Đã lưu trong:
Bibliografiske detaljer
Hovedforfatter: Nystrom, Harry
Format: Bog
Sprog:Undetermined
Udgivet: New York Wiley 1979
Fag:
Tags: Tilføj Tag
Ingen Tags, Vær først til at tagge denne postø!
Thư viện lưu trữ: Trung tâm Học liệu Trường Đại học Cần Thơ
LEADER 00461nam a2200181Ia 4500
001 CTU_87202
008 210402s9999 xx 000 0 und d
082 |a 658.4 
082 |b N998 
100 |a Nystrom, Harry 
245 0 |a Creativity and innovation 
245 0 |c Harry Nystrom 
260 |a New York 
260 |b Wiley 
260 |c 1979 
650 |a industrial management 
904 |i Bằng 
980 |a Trung tâm Học liệu Trường Đại học Cần Thơ